ბათუმის შოთა რუსთაველის სახელმწიფო უნივერსიტეტის ბიბლიოთეკა

დღენი ჩვენი ბრძოლებისა (ბიბ.ჩანაწერი № 41717)

000 -LEADER
fixed length control field 00894nam a2200241Ia 4500
001 - CONTROL NUMBER
control field 8397
003 - CONTROL NUMBER IDENTIFIER
control field GE_BSU
008 - FIXED-LENGTH DATA ELEMENTS--GENERAL INFORMATION
fixed length control field 181216s||||||||xx |||||||||||||| ||und||
040 ## - CATALOGING SOURCE
Transcribing agency GE_BSU
080 ## - UNIVERSAL DECIMAL CLASSIFICATION NUMBER
Universal Decimal Classification number 821.353.1-31
100 ## - MAIN ENTRY--PERSONAL NAME
Personal name ეგაძე, ოთარ
245 ## - TITLE STATEMENT
Title დღენი ჩვენი ბრძოლებისა
245 ## - TITLE STATEMENT
Remainder of title პოლიტ.რომანი
245 ## - TITLE STATEMENT
Statement of responsibility, etc. სპეც.რედ. დევი სტურუა, გიორგი ნატროშვილი. მხატვ. მ. პოლიაკოვი
260 ## - PUBLICATION, DISTRIBUTION, ETC.
Place of publication, distribution, etc. თბილისი
260 ## - PUBLICATION, DISTRIBUTION, ETC.
Name of publisher, distributor, etc. მერანი
260 ## - PUBLICATION, DISTRIBUTION, ETC.
Date of publication, distribution, etc. 1988
300 ## - PHYSICAL DESCRIPTION
Extent 766გვ.22სმ.
653 ## - INDEX TERM--UNCONTROLLED
Uncontrolled term დღენი ჩვენი ბრძოლებისა
653 ## - INDEX TERM--UNCONTROLLED
Uncontrolled term მოთხრობები,ნოველები, ესეები
942 ## - ADDED ENTRY ELEMENTS (KOHA)
Koha item type წიგნი
ეგზემპლარები
Withdrawn status Lost status Damaged status Not for loan Date acquired Barcode Date last seen Price effective from Koha item type
        2018-12-17 30326 2018-12-17 2018-12-17 წიგნი